| LEADER 00000nam 2200000uu 4500 |
| 001 13399110043 |
| 003 BCNR |
| 008 110128s2552||||th 000 0 tha d |
| 020 9789741112234
|
| 041 0 tha
|
| 060 04 WI100^bต181ด 2552
|
| 100 0 ตรีชฎา บุญจันทร์
|
| 245 10 เดินทางบนทางเดินอาหาร /^cโดย ตรีชฎา บุญจันทร์, ณปภัช โพธิ์พรหม และ จุมพล วิลาศรัศมี
|
| 250 พิมพ์ครั้งที่ 1
|
| 260 กรุงเทพฯ :^bโครงการตำรารามาธิบดี คณะแพทยศาสตร์โรงพยาบาลรามาธิบดี มหาวิทยาลัยมหิดล,^c2552
|
| 300 0184 หน้า :^bภาพสีประกอบ ;^c15 ซม.
|
| 650 2 Gastrointestinal System
|
| 650 2 Gastrointestinal System^xdrug effects
|
| 650 2 Gastrointestinal System^xphysilogy
|
| 650 2 Gastrointestinal Diseases
|
| 650 7 กระเพาะอาหารและลำไส้, ระบบ
|
| 650 7 ทางเดินอาหาร
|
| 650 7 ทางเดินอาหารและลำไส้, ระบบ
|
| 700 0 ณปภัช โพธิ์พรหม
|
| 700 0 จุมพล วิลาศรัศมี
|
| 710 2 มหาวิทยาลัยมหิดล. ^bคณะแพทยศาสตร์โรงพยาบาลรามาธิบดี.^bโครงการตำรารามาธิบดี
|
| 999 ^aบรรณารักษ์
|